000 01046aab a2200217 4500
001 768714001
003 CO-MdFUSB
005 20250804124342.0
008 240419t1994 ag ||||| |||| 00| 0 spa d
040 _bspa
_cCO-MdFUSB
041 _aspa
100 1 _aPadilla, C. René
_eautor
245 _aSi la sal pierde su sabor...
_c/ C. René Padilla
300 _aVolumen 13, número 2 (abril - junio, 1994), página: 1 ; 8
_c; 27 cm
520 _aAunque el cristianismo prioriza el conocimiento doctrinal, todavía carece de la claridad que se puede encontrar en las enseñanzas bíblicas. El cristianismo, que no estudia la palabra de Dios y no considera con seriedad los caminos del Señor, se desvía de esto hacia "la religiosidad de los hombres", concepto que dista mucho de ser cristiano.
650 7 _aCristianismo
_922
650 7 _aTeología pastoral y unidad cristiana
_97183
773 0 _tIglesia y Misión
_049402
_959647
_gVolumen 13, número 2 (abril - junio, 1994), página: 1 ; 8
_qpágina: 1
942 _cANA
945 _aJTF-925
999 _c52070
_d52070